| 000 | 00736nmc a2200265 a 4500 | ||
|---|---|---|---|
| 003 | AR-BaBNM | ||
| 005 | 20251128211011.0 | ||
| 008 | 072020s1999 ||||||||||||||000 | spa|| | ||
| 020 | _a987-9121-36-8 | ||
| 040 | _cAR-BaBNM | ||
| 100 | 1 | _aLins Ribeiro, Gustavo | |
| 245 | 1 | 0 |
_aCapitalismo transnacional y política hidroenergética en la Argentina _bla represa de Yacyretá |
| 260 |
_aPosadas _bUniversidad Nacional de Misiones _c1999 |
||
| 300 |
_a239 p. _bmapas |
||
| 490 | 0 | _aContemporánea | |
| 650 | 4 | _aPOLITICA DE DESARROLLO | |
| 650 | 4 | _aCONSULTORES | |
| 650 | 4 | _aCAPITALISMO | |
| 650 | 4 | _aDESARROLLO ECONOMICO | |
| 651 | 4 | _aBrasil | |
| 651 | 4 | _aParaguay | |
| 653 | _aMERCOSUR | ||
| 942 | _cBK | ||
| 998 | _cmariana | ||
| 999 |
_c17826 _d17826 |
||